Sports Quiz

Random Sports or Italian Quiz

Team Time Trial winners in Giro d'Italia (2000-'19) Quiz Stats

 Plays Quiz not verified by Sporcle

Support Sporcle.
Go Orange.
Score 0/100 Timer 15:00
0 Plays Today
Hint Cyclist % Correct
2013Sky Procycling
100%
2008Ryder Hesjedal
97.9%
2012Ryder Hesjedal
97.9%
2007Liquigas
95.8%
2008Team Garmin - Chipotle
95.8%
2010Liquigas - Doimo
95.8%
2012Team Garmin - Barracuda
95.8%
2013Sergio Henao
93.8%
2006Ivan Basso
91.7%
2010Ivan Basso
91.7%
2013Bradley Wiggins
91.7%
2014Orica-GreenEDGE
91.7%
2015Orica-GreenEDGE
91.7%
2006CSC ProTeam
89.6%
2007Vincenzo Nibali
89.6%
2010Vincenzo Nibali
89.6%
2013Rigoberto Urán Urán
87.5%
2009Team Columbia - HTC
85.4%
2012Ramunas Navardauskas
83.3%
2009Mark Cavendish
81.3%
2009Kanstantin Siutsou
81.3%
2010Robert Kiserlovski
81.3%
2011HTC - High Road
81.3%
2011Mark Cavendish
81.3%
2011Kanstantin Siutsou
81.3%
2013Kanstantin Siutsou
81.3%
2015Esteban Chaves
81.3%
2013Christian Knees
79.2%
2015Simon Gerrans
77.1%
2006Nicki Sørensen
72.9%
2009Edvald Boasson Hagen
72.9%
2006Carlos Sastre
68.8%
2010Maciej Bodnar
68.8%
2012Robert Hunter
68.8%
Hint Cyclist % Correct
2007Danilo di Luca
66.7%
2008Julian Dean
66.7%
2008David Millar
66.7%
2008David Zabriskie
66.7%
2013Salvatore Puccio
66.7%
2014Svein Tuft
66.7%
2014Michael Matthews
64.6%
2015Michael Matthews
64.6%
2008Christian Vande Velde
62.5%
2009Michael Rogers
62.5%
2010Sylwester Szmyd
62.5%
2012Christian Vande Velde
62.5%
2009Mark Renshaw
60.4%
2011Mark Renshaw
60.4%
2014Luke Durbridge
60.4%
2015Luke Durbridge
60.4%
2006Jens Voigt
56.3%
2009Thomas Löfkvist
56.3%
2012Jack Bauer
56.3%
2009Marco Pinotti
54.2%
2011Marco Pinotti
54.2%
2014Pieter Weening
54.2%
2015Pieter Weening
54.2%
2007Franco Pellizotti
52.1%
2010Valerio Agnoli
52.1%
2012Tyler Farrar
52.1%
2007Charles Wegelius
50%
2011Lars Ytting Bak
50%
2014Michael Hepburn
50%
2015Michael Hepburn
50%
2015Simon Clarke
47.9%
2006Bobby Julich
45.8%
2007Andrea Noé
43.8%
2007Alessando Vanotti
43.8%
Hint Cyclist % Correct
2010Alessandro Vanotti
43.8%
2013Xabier Zandio
43.8%
2008Danny Pate
41.7%
2013Dario Cataldo
41.7%
2013Danny Pate
41.7%
2014Ivan Santaromita
41.7%
2008Magnus Bäckstedt
39.6%
2014Cameron Meyer
39.6%
2006Volodymyr Gustov
37.5%
2006Iñigo Cuesta
35.4%
2009Michael Barry
35.4%
2014Brett Lancaster
33.3%
2015Brett Lancaster
33.3%
2009Morris Possoni
29.2%
2010Fabio Sabatini
29.2%
2007Enico Gasparotto
27.1%
2007Vladimir Miholjevic
27.1%
2011Alex Rasmussen
27.1%
2012Alex Rasmussen
27.1%
2011Frantisek Rabon
25%
2006Michael Blaudzun
22.9%
2007Alessandro Spezialetti
22.9%
2006Giovanni Lombardi
20.8%
2015Sam Bewley
20.8%
2010Tiziano Dall'Antonia
16.7%
2008Chris Sutton
12.5%
2012Peter Stetina
12.5%
2012Sébastien Rosseler
10.4%
2014Mitchell Docker
8.3%
2011Patrick Gretsch
6.3%
2011Craig Lewis
6.3%
2008Jonathan Patrick McCarty
2.1%

You're not logged in!

Compare scores with friends on all Sporcle quizzes.
OR
Log In

From the Vault

Around the Perimeter of New York

by mg10

New York, we have you surrounded.
Remove Ads.
Support Sporcle.
Get the best of Sporcle when you Go Orange. This ad-free experience offers more features, more stats, and more fun while also helping to support Sporcle. Thank you for becoming a member.

Show Comments

Extras

Top Quizzes Today


Score Distribution

Your Account Isn't Verified!

In order to create a playlist on Sporcle, you need to verify the email address you used during registration. Go to your Sporcle Settings to finish the process.

Report this User

Report this user for behavior that violates our Community Guidelines.

Details: